| 000 | 00494nam a2200181Ia 4500 | ||
|---|---|---|---|
| 999 |
_c14784 _d14784 |
||
| 003 | OSt | ||
| 005 | 20201027113521.0 | ||
| 008 | 190216s9999||||xx |||||||||||||| ||und|| | ||
| 020 | _a9788131708095 | ||
| 040 | _coclc | ||
| 082 |
_a823.95 _bIBS/D |
||
| 100 |
_aIbsen, Henrik _95122 |
||
| 245 | 2 |
_aA Doll`s House / _cHenrik Ibsen |
|
| 260 |
_bPenguin Books, _c2013. _aNew delhi: |
||
| 300 | _a159p | ||
| 650 | _aEnglish | ||
| 942 |
_cBK _2ddc _h823.95 _iIBS/D _k823.95 _mIBS/D |
||